[Event "6th EICC Qualification"]
[Site "Warsaw POL"]
[Date "2005.07.02"]
[Round "1"]
[White "Bobras,P"]
[Black "Minasian,Art"]
[Result "1/2-1/2"]
[WhiteElo "2501"]
[BlackElo "2597"]
[EventDate "2005.07.02"]

1. e4 g6 2. d4 d6 3. Nc3 c6 4. f4 d5 5. e5 h5 6. Be3 Nh6 7. h3 Nf5 8. Bf2
Qb6 9. a3 e6 10. Nf3 c5 11. Bd3 Nxd4 12. Nxd4 cxd4 13. Ne2 Nc6 14. b4 a5
15. c3 Bd7 16. Nxd4 Nxd4 17. Bxd4 Qc7 18. O-O Be7 19. Qe2 h4 20. f5 gxf5
21. Bxf5 exf5 22. e6 fxe6 23. Bxh8 O-O-O 24. Be5 Bd6 25. Rae1 Rg8 26. Rf2
Bxe5 27. Qxe5 Qxe5 28. Rxe5 Kc7 29. c4 Kd6 30. Rfe2 axb4 31. axb4 dxc4 32.
Rc5 Bc6 33. Rxc4 Rh8 34. Rd4+ Bd5 35. Red2 Rh7 1/2-1/2

[Event "6th EICC Qualification"]
[Site "Warsaw POL"]
[Date "2005.07.02"]
[Round "2"]
[White "Erenburg,S"]
[Black "Cheparinov,I"]
[Result "1/2-1/2"]
[WhiteElo "2575"]
[BlackElo "2621"]
[EventDate "2005.07.02"]

1. e4 c5 2. c3 b6 3. d4 Bb7 4. Bd3 e6 5. Nf3 d6 6. O-O Nd7 7. Bg5 Qc7 8.
Nbd2 Ngf6 9. Qe2 h6 10. Bxf6 Nxf6 11. e5 Nd7 12. exd6 Bxd6 13. Be4 O-O 14.
Bxb7 Qxb7 15. Ne4 Be7 16. dxc5 Nxc5 17. Nxc5 Bxc5 18. Rfd1 Rfd8 19. Rd2
Rxd2 20. Qxd2 Be7 21. Rd1 Rd8 22. Qe2 Rxd1+ 23. Qxd1 Qe4 24. Ne1 b5 25. Kf1
a6 26. a3 g6 27. Qd3 Qc6 28. Nc2 Bc5 29. Ne3 Kg7 30. h3 Bb6 31. Nc2 Kg8 32.
Nb4 Qc5 33. Qd4 Qxd4 34. cxd4 Bxd4 35. Nxa6 Bxb2 36. Nc7 Bxa3 37. Nxb5 Bc1
38. Ke2 f5 39. Nd4 Kf7 40. Nb3 Bg5 41. Nc5 e5 42. f3 Be7 43. Nd3 Kf6 44.
Kf1 Bd6 45. Ke2 e4 46. Nf2 Bc5 47. fxe4 Bxf2 48. exf5 Bc5 49. fxg6 Kxg6 50.
g4 Kg5 51. Kf3 Kh4 52. Kg2 Bd6 53. Kh1 Bc7 54. Kg2 Be5 55. Kh1 Bc7 56. Kg2
Bd6 57. Kh1 Bg3 58. Kg2 Be1 59. Kh2 Bc3 60. Kg2 Bb4 61. Kh2 Ba5 62. Kg2 Bc7
63. Kh1 Bb8 64. Kg2 Bd6 65. Kh1 Kg3 66. h4 Bf4 67. g5 Bxg5 68. h5 Bc1 69.
Kg1 Ba3 70. Kh1 Kf2 71. Kh2 Bd6+ 72. Kh1 Kf3 73. Kg1 Kg4 74. Kh1 Bg3 75.
Kg1 Bh4 76. Kh1 Kxh5 77. Kg1 Kg4 78. Kg2 h5 79. Kg1 Bg3 80. Kh1 Kh3 81. Kg1
Bc7 82. Kh1 Kg3 83. Kg1 h4 84. Kh1 h3 85. Kg1 Kf3 86. Kh1 Ke2 87. Kg1 Bg3
88. Kh1 Kf3 89. Kg1 Kg4 90. Kh1 Kh5 91. Kg1 Kh4 92. Kh1 Bf2 93. Kh2 Kg4 94.
Kh1 Bg1 95. Kxg1 Kg3 96. Kh1 Kf3 97. Kh2 Kg4 98. Kh1 Kg3 99. Kg1 h2+ 100.
Kh1 Kh3 1/2-1/2

[Event "6th EICC Qualification"]
[Site "Warsaw POL"]
[Date "2005.07.02"]
[Round "2"]
[White "Areshchenko,A"]
[Black "Socko,B"]
[Result "1/2-1/2"]
[WhiteElo "2595"]
[BlackElo "2583"]
[EventDate "2005.07.02"]

1. e4 e6 2. d4 d5 3. Nc3 Bb4 4. e5 Ne7 5. a3 Bxc3+ 6. bxc3 c5 7. Qg4 Kf8 8.
a4 Qc7 9. Nf3 cxd4 10. Qxd4 Nbc6 11. Qe3 Nf5 12. Qf4 Nce7 13. Qd2 Ng6 14.
Be2 Nxe5 15. Nxe5 Qxe5 16. Ba3+ Kg8 17. O-O Bd7 18. c4 Bc6 19. Rfe1 Rd8 20.
Qa5 Qf6 21. cxd5 Bxd5 22. Rad1 Rc8 23. c4 Bxg2 24. Bb2 Qh4 25. Kxg2 Qg5+
26. Kh3 Qh4+ 27. Kg2 Qg5+ 28. Kh3 1/2-1/2

[Event "6th EICC Qualification"]
[Site "Warsaw POL"]
[Date "2005.07.02"]
[Round "2"]
[White "Minasian,Art"]
[Black "Bobras,P"]
[Result "1/2-1/2"]
[WhiteElo "2597"]
[BlackElo "2501"]
[EventDate "2005.07.02"]

1. g3 d5 2. Bg2 Nf6 3. d3 c6 4. Nf3 Bg4 5. h3 Bh5 6. O-O Nbd7 7. Qe1 e5 8.
e4 dxe4 9. dxe4 a5 10. Nbd2 Bc5 11. Nc4 Bxf3 12. Bxf3 b5 13. Ne3 a4 14. Nf5
O-O 15. Bg5 h6 16. Bd2 Re8 17. h4 Bf8 18. Rd1 Qc7 19. g4 Nc5 20. g5 Nh7 21.
gxh6 g6 22. Ng3 Ne6 23. Bg4 Nf4 24. h5 Bxh6 25. hxg6 fxg6 26. f3 Nf6 27.
Bxf4 exf4 28. Nh1 Nxg4 29. fxg4 Qe5 30. Qc3 Qxc3 31. bxc3 Rxe4 32. Rd6 Kf7
33. Rxc6 Rae8 34. Nf2 Rc4 35. Rb6 f3 36. Rxb5 Be3 37. Kh2 Bf4+ 38. Kg1 Rxc3
39. Nd3 Be3+ 40. Kh2 f2 41. Kg3 Rxc2 42. Nxf2 Bxf2+ 43. Rxf2+ Rxf2 44. Kxf2
Rc8 45. Kf3 Rc4 46. Rb6 1/2-1/2

[Event "6th EICC Qualification"]
[Site "Warsaw POL"]
[Date "2005.07.02"]
[Round "2"]
[White "Palac,M"]
[Black "Izoria,Z"]
[Result "1-0"]
[WhiteElo "2574"]
[BlackElo "2602"]
[EventDate "2005.07.02"]

1. e4 c6 2. d4 d5 3. Nc3 dxe4 4. Nxe4 Bf5 5. Ng3 Bg6 6. h4 h6 7. Nf3 Nd7 8.
h5 Bh7 9. Bd3 Bxd3 10. Qxd3 e6 11. Bf4 Ngf6 12. O-O-O Be7 13. Ne5 O-O 14.
Kb1 Qa5 15. Nxd7 Nxd7 16. Ne4 Nf6 17. g4 Rad8 18. Rhg1 Rd7 19. Nxf6+ Bxf6
20. c3 Rfd8 21. Bc1 e5 22. g5 e4 23. Qxe4 hxg5 24. f4 Re7 25. Qd3 gxf4 26.
h6 g6 27. Rdf1 Qh5 28. Rxf4 Bh8 29. Rf5 Qe2 30. h7+ Kf8 31. Rxf7+ 1-0

[Event "6th EICC Qualification"]
[Site "Warsaw POL"]
[Date "2005.07.02"]
[Round "3"]
[White "Socko,B"]
[Black "Areshchenko,A"]
[Result "1/2-1/2"]
[WhiteElo "2583"]
[BlackElo "2595"]
[EventDate "2005.07.02"]

1. g3 Nf6 2. Bg2 g6 3. e4 d6 4. d4 Bg7 5. Nc3 O-O 6. Nge2 e5 7. h3 Nbd7 8.
Be3 a6 9. a4 Rb8 10. a5 exd4 11. Bxd4 b5 12. axb6 Nxb6 13. b3 Re8 14. O-O
Bb7 15. f3 Qe7 16. Re1 Rbd8 17. Na4 Nxa4 18. Rxa4 c5 19. Ba1 d5 20. e5 Nd7
21. f4 Nb6 22. Ra5 h5 23. Nc3 h4 24. g4 f6 25. Na4 Nxa4 26. Rxa4 d4 27. Qd3
fxe5 28. fxe5 Bxg2 29. Kxg2 Qb7+ 30. Qe4 Rd5 31. e6 Kh7 32. Kg1 Qc6 33.
Rxa6 Qxa6 34. Qxd5 Qa7 35. Kh1 Qc7 36. Qf3 Qd6 37. Qf2 Rxe6 38. Qxh4+ Kg8
39. Rxe6 Qxe6 40. Qf2 Qe4+ 41. Kg1 Bh6 42. Kf1 Be3 43. Qg2 Qf4+ 44. Ke2 Qe5
45. Kd3 Qe6 46. Qe4 Qa6+ 47. c4 Qxa1 48. Qxg6+ Kf8 49. Qf6+ Ke8 50. Qe6+
Kd8 51. Qd6+ Ke8 52. Qe6+ Kf8 53. Qf6+ Kg8 54. Qg6+ Kh8 55. Qf6+ Kh7 56.
Qf7+ Kh6 57. Qf6+ Kh7 58. Qf7+ Kh6 1/2-1/2

[Event "6th EICC Qualification"]
[Site "Warsaw POL"]
[Date "2005.07.02"]
[Round "3"]
[White "Wojtaszek,R"]
[Black "Roiz,M"]
[Result "1/2-1/2"]
[WhiteElo "2569"]
[BlackElo "2579"]
[EventDate "2005.07.02"]

1. d4 e6 2. c4 Bb4+ 3. Nd2 Nf6 4. Ngf3 b6 5. a3 Bxd2+ 6. Bxd2 Bb7 7. Bg5 d6
8. e3 Nbd7 9. Bd3 Qe7 10. Qc2 h6 11. Bh4 e5 12. dxe5 Nxe5 13. Nxe5 dxe5 14.
O-O O-O 15. Rfd1 Rfd8 16. h3 c5 17. Be2 Rxd1+ 18. Rxd1 Rd8 19. Rxd8+ Qxd8
20. Qc3 Qd6 21. Bg3 Nd7 22. Bg4 f6 23. Qc2 Nf8 24. Qa4 Qc6 25. Qxc6 Bxc6
26. f4 exf4 27. exf4 Nd7 28. Kf2 Kf7 29. Be2 Ke6 30. Bf1 f5 31. Ke3 Nf6 32.
Be1 a5 33. Bc3 g6 34. Be5 Nd7 35. Bg7 h5 36. Bc3 Be4 37. Kf2 Bc6 38. Kg3
Nf6 39. Be5 Ne4+ 40. Kh2 Nd6 41. Be2 Ba4 42. Kg3 Bb3 43. Bxd6 Kxd6 44. Kh4
Ke6 45. Kg5 Kf7 46. Bd3 Bd1 47. Kh4 Kf6 48. Kg3 Ba4 49. Kf2 h4 50. g3
1/2-1/2

[Event "6th EICC Qualification"]
[Site "Warsaw POL"]
[Date "2005.07.02"]
[Round "3"]
[White "Bocharov,D"]
[Black "Azarov,S"]
[Result "0-1"]
[WhiteElo "2574"]
[BlackElo "2572"]
[EventDate "2005.07.02"]

1. d4 Nf6 2. c4 e6 3. Nf3 d5 4. Nc3 Be7 5. Bg5 O-O 6. cxd5 exd5 7. e3 Nbd7
8. Bd3 Re8 9. Qc2 Nf8 10. h3 c6 11. Bf4 Ng6 12. Bh2 Bd6 13. Bxd6 Qxd6 14.
O-O-O Be6 15. Kb1 Rac8 16. g4 c5 17. dxc5 Qxc5 18. Nd4 Ne5 19. f4 Nxd3 20.
Qxd3 Ne4 21. Nxe4 dxe4 22. Qd2 Bc4 23. Rc1 Qd5 24. b3 Bd3+ 25. Kb2 h5 26.
g5 a5 27. Rc3 a4 28. Rhc1 Rxc3 29. Qxc3 Qd7 30. f5 axb3 31. Qxb3 b5 32. Rc6
Bc4 33. Qb4 Qd8 34. h4 Qb8 35. Qd6 Qa7 36. a3 b4 37. axb4 Qa2+ 38. Kc3 Ra8
39. Nc2 Qb3+ 40. Kd2 Bd3 0-1

[Event "6th EICC Qualification"]
[Site "Warsaw POL"]
[Date "2005.07.02"]
[Round "3"]
[White "Minasian,Art"]
[Black "Bobras,P"]
[Result "1-0"]
[WhiteElo "2597"]
[BlackElo "2501"]
[EventDate "2005.07.02"]

1. g3 d5 2. Bg2 Nf6 3. d3 c6 4. Nd2 Bg4 5. h3 Bh5 6. f4 e6 7. g4 Bg6 8. e4
dxe4 9. dxe4 h6 10. Qf3 Nbd7 11. Ne2 Bc5 12. Ng3 a5 13. a4 Qb6 14. Nb3 Bb4+
15. Kf1 O-O-O 16. Be3 Nc5 17. Qe2 Nfd7 18. c3 Qa6 19. Qxa6 bxa6 20. Nd2 1-0

[Event "6th EICC Qualification"]
[Site "Warsaw POL"]
[Date "2005.07.02"]
[Round "3"]
[White "Palac,M"]
[Black "Izoria,Z"]
[Result "1-0"]
[WhiteElo "2574"]
[BlackElo "2602"]
[EventDate "2005.07.02"]

1. e4 c6 2. d4 d5 3. Nc3 dxe4 4. Nxe4 Bf5 5. Ng3 Bg6 6. h4 h6 7. Nf3 Nd7 8.
h5 Bh7 9. Bd3 Bxd3 10. Qxd3 e6 11. Bf4 Qa5+ 12. Bd2 Bb4 13. c3 Be7 14. O-O
Ngf6 15. Rfe1 O-O 16. c4 Bb4 17. Bxb4 Qxb4 18. a3 Qd6 19. b4 a5 20. Qc3
axb4 21. axb4 Qf4 22. Rad1 Ra2 23. Ne2 Qf5 24. Nc1 Ra7 25. Ne5 Qxh5 26.
Nxd7 Nxd7 27. d5 exd5 28. cxd5 cxd5 29. Qd4 Raa8 30. Qxd5 Qxd5 31. Rxd5 Nf6
32. Rb5 Rfe8 33. Rxe8+ Rxe8 34. Nd3 Re7 35. Nc5 Nd5 36. Nxb7 Nc3 37. Rb6
Nd5 38. Rb5 Nc3 39. Rb6 h5 40. Nc5 h4 41. Kf1 Nd5 42. Rb8+ Kh7 43. b5 Nf4
44. b6 1-0

[Event "6th EICC Qualification"]
[Site "Warsaw POL"]
[Date "2005.07.02"]
[Round "4"]
[White "Areshchenko,A"]
[Black "Socko,B"]
[Result "1-0"]
[WhiteElo "2595"]
[BlackElo "2583"]
[EventDate "2005.07.02"]

1. e4 e6 2. d4 d5 3. Nc3 Bb4 4. e5 Ne7 5. a3 Bxc3+ 6. bxc3 c5 7. Qg4 Kf8 8.
a4 Qc7 9. Qd1 b6 10. Nf3 Ba6 11. Bb5 h6 12. O-O Bxb5 13. axb5 Kg8 14. dxc5
bxc5 15. c4 Nd7 16. cxd5 exd5 17. Re1 Nf8 18. c4 d4 19. Ra6 Ne6 20. Qd3 g6
21. Bd2 Kg7 22. Rea1 Qb7 23. Nh4 Nc7 24. Rd6 a6 25. bxa6 Nxa6 26. Rb1 Qc8
27. e6 Rd8 28. Rxd8 Qxd8 29. exf7 Qf8 30. Qe4 Ra7 31. Qf4 g5 32. Qe5+ Kxf7
33. Rb6 Kg8 34. Nf3 Nc7 35. h3 Ne8 36. Qxc5 Rd7 37. Ne5 Rd8 38. Bb4 Qf4 39.
Nd3 Qc7 40. Qxc7 Nxc7 41. Bxe7 Ra8 42. Bd6 Ne8 43. c5 Ra3 44. Rb8 Kf7 45.
Ne5+ 1-0

[Event "6th EICC Qualification"]
[Site "Warsaw POL"]
[Date "2005.07.02"]
[Round "4"]
[White "Bobras,P"]
[Black "Minasian,Art"]
[Result "1-0"]
[WhiteElo "2501"]
[BlackElo "2597"]
[EventDate "2005.07.02"]

1. e4 g6 2. d4 d6 3. Nc3 c6 4. f4 d5 5. e5 h5 6. Be3 Nh6 7. h3 Nf5 8. Bf2
Qb6 9. a3 e6 10. Nf3 c5 11. Bd3 Nc6 12. Bxf5 gxf5 13. dxc5 Bxc5 14. Bxc5
Qxc5 15. Qd2 Bd7 16. Ne2 O-O-O 17. Ned4 Nxd4 18. Nxd4 Kb8 19. O-O Rdg8 20.
Kh2 Bb5 21. Rf3 Ba6 22. Re1 Rg6 23. Qb4 Qxb4 24. axb4 Rhg8 25. g3 Rc8 26.
Ra3 Rc4 27. c3 Rg8 28. Rd1 Rgc8 29. Ra5 Kc7 30. Kg2 Kb6 31. Kf2 R4c7 32.
Rda1 Bd3 33. Ke3 Be4 34. Rb5+ 1-0

[Event "6th EICC Qualification"]
[Site "Warsaw POL"]
[Date "2005.07.02"]
[Round "5"]
[White "Palac,M"]
[Black "Izoria,Z"]
[Result "0-1"]
[WhiteElo "2574"]
[BlackElo "2602"]
[EventDate "2005.07.02"]

1. e4 c6 2. d4 d5 3. Nc3 dxe4 4. Nxe4 Bf5 5. Ng3 Bg6 6. h4 h6 7. Nf3 Nd7 8.
h5 Bh7 9. Bd3 Bxd3 10. Qxd3 e6 11. Bf4 Qa5+ 12. Bd2 Bb4 13. c3 Be7 14. O-O
Ngf6 15. c4 Qd8 16. Rfe1 O-O 17. Qe2 Re8 18. Bc3 a5 19. Ne5 Bb4 20. Bxb4
axb4 21. Qd2 c5 22. dxc5 Nxe5 23. Qxd8 Rexd8 24. Rxe5 Nd7 25. Re3 Nxc5 26.
a3 Rd2 27. Rb1 bxa3 28. bxa3 Rc2 29. Rb4 Rd8 30. Re1 Rd4 31. Rb5 Rdxc4 32.
Re5 Rc1+ 33. Kh2 Rh4+ 0-1